000 01801cam a22004694i 4500
003 PE-LiUPU
005 20250731173024.0
008 150623s r 000 0 d
020 _a0805420738
035 _a(Sirsi) i9780805420739
040 _aPE-LiUPU
_bspa
_cPE-LiUPU
_erda
049 _aPRUA
082 0 4 _a253.5
_bB81
_221
100 1 _aBrandt, Henry,
_eautor.
245 1 4 _aThe word for the wise :
_bmaking scripture the heart of your counseling ministry /
_cHenry Brandt y Kerry L. Skinner ; prólogo por Henry T. Blackaby.
264 1 _aNashville, Tennessee :
_bBroadman & Holman Publishers,
_c1999.
300 _a235 páginas ;
_c23 centímetros
336 _atext
_2rdacontent
337 _aunmediated
_2rdamedia
338 _avolume
_2rdacarrier
490 0 _aA Professional Development Book
505 0 _aPortraid of a biblical counselor. -Attitude toward trouble. -The sinful nature. -Methods of counseling. -Counseling in the body of Christ. -The role of repetance in counseling.-.. .-Humanism. -Truth, professionalism, servanthood.
526 _aSEG42
526 _aSEG41
526 _aSEG40
526 _aSEG39
526 _aP94
526 _aP87
526 _aP86
526 _aP85
526 _aP77
526 _aP76
526 _aP35
650 0 4 _aConsejería pastoral
_xEnseñanza bíblica.
700 1 _aSkinner, Kerry L.,
_eautor.
942 _2ddc
_cBOOK
949 _a253.5 B81
_wDEWEY
_c1
_i47868
_lCCODEBUL1
_mBUL
_r0
_sY
_tBOOK
_u2015-6-24
_xTEOLOGIA
_PP35
_0COMPRA
_o.STAFF. Colección General
994 _aC0
_bPEPRU
596 _a1
999 _a253.5 B81
_wDEWEY
_c24339
_i47868
_f2021-11-10
_g5
_lCCODEBUL1
_mBUL
_r0
_sY
_tBOOK
_u2015-6-24
_xTEOLOGIA
_PP35
_0COMPRA
_o.STAFF. Colección General
_d24339
980 _81
_gALBERTO SANCHEZ Responsable de Automatización